000 01560nam a2200265Ia 4500
003 CO-CtgCURN
005 20250410221006.0
008 190723s9999 xx 000 0 und d
020 _a9589693520
040 _aCO-CtgCURN
_bspa
_ccoctgcurn
082 _a346.02
_bG939
100 _aGuevara Lopez, Luis Ernesto
245 0 _aManual de obligaciones /
_cLuis Ernesto Guevara Lopez
260 _aBogotá, Colombia :
_bFundacion Universitaria de Boyaca,
_c2001
300 _a298 páginas ;
_c24 centímetros
490 _aInvestigaciones CIPADE
504 _aIncluye referencias bibliográficas (p. 285-286)
505 _apte. 1. La obligacion -- Clases de obligaciones -- Modalidades de la obligacion -- La obligacion con sujeto plural -- pte. 2. Fuentes de la obligaciones -- El contrato -- Los cuasicontratos -- pte. 3. Sancion a las condiciones de formacion de los actos jurídicos --Nulidad absoluta y nulidad relativa -- Efectos de la nulidad -- La lesión en derecho positivo colombiano -- pte. 4. Responsabilidad contractual -- pte. 5. Responsabilidad extracontractual -- La culpa como fuente de la responsabilidad extracontractual -- El nexo causal -- El dano -- Diversas formas de responsabilidad extracontractual -- ¿Como afecta la decision penal en el campo civil?
521 _aAREA PROFESIONAL
590 _aPrograma de Derecho_18
650 _aDerecho civil
_zColombia
650 _aDerecho comercial
_zColombia
942 _cBK
_h346.02
_iG939
_2ddc
_n0
999 _c29132
_d29132